000 00606nam a2200193 i 4500
001 102264
003 ES-MaACL
005 20260525062931.0
007 t|
008 051107s1958 sp ||||1| spa d
100 1 _aMenéndez Pidal, Ramón,
_d1869-1968
_980315
245 1 3 _aEl P. Las Casas y Vitoria
_b: con otros temas de los siglos XVI y XVII /
_cRamón Menéndez Pidal.
260 _aMadrid :
_bEspasa-Calpe,
_c1958.
300 _a152 p. ;
_c18 cm.
490 1 _aColección austral ;
_v1286
830 0 _aColección austral
_v1286
_9177655
852 _aES-MaACL
_jD-1048
_bR.42369
999 _c102264
_d102264